| 000 | 00849nam a2200181Ia 4500 | ||
|---|---|---|---|
| 008 | 090124s9999 xx 000 0 und d | ||
| 082 | _b129475 | ||
| 100 | _aगाडगीळ बाळ ( पांडुरंग लक्ष्मण ) | ||
| 245 | _a आम्ही भूगोल घडवतो ( विनोदी कथासंग्रह ) | ||
| 250 | _a1 | ||
| 260 | _c2000 | ||
| 300 | _a135 | ||
| 600 | _aगाडगीळ बाळ ( पांडुरंग लक्ष्मण ) | ||
| 630 | _a आम्ही भूगोल घडवतो ( विनोदी कथासंग्रह ) | ||
| 700 | _aगाडगीळ बाळ ( पांडुरंग लक्ष्मण ) | ||
| 730 | _a आम्ही भूगोल घडवतो ( विनोदी कथासंग्रह ) | ||
| 942 | _cBOOK | ||
| 999 |
_c175564 _d175564 |
||